Bioquímica : (Registro nro. 15665)
[ vista simple ]
| 000 -Cabecera | |
|---|---|
| Campo de control interno | 01040nam a2200229Ia 4500 |
| 005 - Fecha y hora del registro | |
| control field | 20260415160428.0 |
| 008 - Elementos de Longitud Fija | |
| fixed length control field | 260306t2021||||xx |||||||||||||| ||und|| |
| 041 ## - Idioma | |
| Codigo Idioma | ESP |
| 082 ## - DEWEY y NOTACIÓN INTERNA | |
| Dewey | 572 |
| Notación Interna | F34 |
| 100 ## - AUTOR | |
| Autor denominación | Feduchi Canosa, Elena, |
| Término de relación | autor |
| 245 #0 - TÍTULO DE MATERIAL BIBLIOGRÁFICO | |
| Título | Bioquímica : |
| Título paralelo | conceptos esenciales |
| 260 ## - CIUDAD, EDITORIAL, AÑO | |
| Año | 2021 |
| 300 ## - DESCRIPCIÓN | |
| N° Páginas | xv, 452 páginas : |
| Dimensiones | 28 cm. |
| 650 ## - TEMAS | |
| Temas | Generalidades |
| 654 ## - PROGRAMAS | |
| Programa | Dpto. de Ciencias de la Salud |
| 856 ## - URL - UBICACIÓN | |
| URI/URL: Enlace exacto del recurso | <a href="https://itmsp.museknowledge.com/UCSP?url=https://www.ebooks7-24.com:443/?il=3823&pg=1">https://itmsp.museknowledge.com/UCSP?url=https://www.ebooks7-24.com:443/?il=3823&pg=1</a> |
| Nota pública: Versión digital | <a href="Véase además: Bioquímica, por C. K. Mathews. Versión digital">Véase además: Bioquímica, por C. K. Mathews. Versión digital</a> |
| 856 ## - URL - UBICACIÓN | |
| URI/URL: Enlace exacto del recurso | <a href="https://0u213wlb5-y-https-ebooks7--24-com.itmsp.museknowledge.com/biblioteca.aspx">https://0u213wlb5-y-https-ebooks7--24-com.itmsp.museknowledge.com/biblioteca.aspx</a> |
| Nota pública: Versión digital | <a href="Véase además: Base de datos Ebook7-24">Véase además: Base de datos Ebook7-24</a> |
| 856 ## - URL - UBICACIÓN | |
| URI/URL: Enlace exacto del recurso | <a href="https://0u216wlbe-y-https-accessmedicina-mhmedical-com.itmsp.museknowledge.com/">https://0u216wlbe-y-https-accessmedicina-mhmedical-com.itmsp.museknowledge.com/</a> |
| Nota pública: Versión digital | <a href="Véase además: Base de datos McGraw Hill Access Medicina">Véase además: Base de datos McGraw Hill Access Medicina</a> |
| 856 ## - URL - UBICACIÓN | |
| URI/URL: Enlace exacto del recurso | <a href="https://0u23fwlbo-y-https-www-clinicalkey-com.itmsp.museknowledge.com/student/login">https://0u23fwlbo-y-https-www-clinicalkey-com.itmsp.museknowledge.com/student/login</a> |
| Nota pública: Versión digital | <a href="Véase además: Base de datos ClinicalKey">Véase además: Base de datos ClinicalKey</a> |
| 942 ## - ELEMENTOS DE KOHA | |
| Tipo de documento | Libro |
| Nombre del creador | Justo Noguera |
| Código de catalogador | Justo Noguera |
| Esquema de clasificación | Dewey Decimal Classification |
| Codigo completo | Registro | Colección | Copia número | Disponibilidad | Tipo de préstamo | Biblioteca Actual | Procedencia (Biblioteca) | Ubicacón | Fecha Ingreso | Tipo de Adquisición | Date last seen | Total checkouts | Price effective from | Tipo de Item | Estado del Material | Fuente de Clasificación | Damaged status | Withdrawn status |
|---|---|---|---|---|---|---|---|---|---|---|---|---|---|---|---|---|---|---|
| 572 F34 | 1081466 | Universidad Católica San Pablo | 1 | Disponible | Disponible | Víctor Andrés Belaunde | Víctor Andrés Belaunde | Segundo piso | 03/06/2026 | Compra | 06/03/2026 | 06/03/2026 | Libro | Bueno | Dewey Decimal Classification |




